000 00294nam a22001217a 4500
999 _c164842
_d164842
082 _a
_b
100 _aPashupatinath upadhyaya
245 _aParampara aur prayog/
_cby Pashupatinath upadhyaya
260 _aMathura:
_bJawahar Pustakalaya ,
_c
300 _a185p.
650 _a
942 _cBK